A lei do divórcio comentada e documentada
Gorde:
| Egile nagusia: | |
|---|---|
| Formatua: | Liburua |
| Hizkuntza: | portugesa |
| Argitaratua: |
Sao Paulo
Saraiva
1978
|
| Gaiak: | |
| Etiketak: |
Etiketa erantsi
Etiketarik gabe, Izan zaitez lehena erregistro honi etiketa jartzen!
|
MARC
| LEADER | 00000nam a2200000 a 4500 | ||
|---|---|---|---|
| 001 | UCS1680 | ||
| 003 | CL-VaPUC | ||
| 008 | 970515e19780000BL |||||||||||||||||por|d | ||
| 082 | 0 | 4 | |a 346.016 |b FRA |2 21 |
| 100 | 0 | |a Franca, Rubens Limongi |e author |9 386372 | |
| 245 | 1 | 2 | |a A lei do divórcio comentada e documentada |
| 300 | |a 785 p | ||
| 942 | |c BK | ||
| 945 | |d 19970515 00:00:00 |a paguirre | ||
| 260 | |a Sao Paulo |b Saraiva |c 1978 | ||
| 650 | 0 | |a Derecho civil |9 255013 | |
| 650 | 0 | |a Derecho de familia |9 255603 | |
| 650 | 0 | |a Divorcio |9 256204 | |
| 650 | 7 | |a MATRIMONIO |2 CL-VaPUC |9 386373 | |
| 650 | 7 | |a DISOLUCION DEL MATRIMONIO |2 CL-VaPUC |9 335077 | |
| 651 | 0 | |a Brasil |9 267393 | |
| 583 | |a last modification |c 19970515 00:00:00 |k Rodrigo Vera | ||
| 999 | |c 259713 |d 259711 | ||
| 952 | |0 0 |1 0 |4 0 |6 346_016000000000000_FRA_1978 |7 0 |8 A |9 284968 |a BIBDER |b BIBDER |d 2019-11-19 |i 1848410 |o 346.016 FRA 1978 |p 1848410 |r 2023-01-25 |w 2019-11-19 |y BK |k DER | ||